| 000 | 00407nam a2200157Ia 4500 | ||
|---|---|---|---|
| 008 | 230917s9999||||xx |||||||||||||| ||und|| | ||
| 040 |
_e129390 _aMAIN |
||
| 041 | _aEnglish | ||
| 082 | _a820.9 S48C | ||
| 100 | _aSampson, George | ||
| 245 | 0 | _aConcise Cambridge history of English literature | |
| 250 | _a3rd ed. | ||
| 260 |
_aLondon _bCambridge University Press _c1970 |
||
| 300 | _a976 p. | ||
| 942 | _cBK | ||
| 999 |
_c70816 _d70816 |
||